000 00813nam a22002532a 4500
001 20579
003 BD-RjUL
005 20211209000602.0
008 140301s1948 nyu 000 1 eng d
035 _a(BD-RjUL)20641
_aOCLC ocm03100616 from D950807M
040 _aDLC
_cGAT
_dEQO
_dBD-RjUL
_beng
041 _aeng
082 0 4 _a821.1
_bCHC 1948
100 1 _aChaucer, Geoffrey,
_d-1400.
_963504
245 1 0 _aCanterbury tales /
_cGeoffrey Chaucer; Selected and ed. by Robert D. French.
260 _aNew York :
_bAppleton-Century-Crofts,
_c1948.
300 _aviii, 120 p. :
_c18 cm.
504 _aBibliography: p. iii
650 0 _aCanterbury (England)
_vPoetry.
_963505
700 1 _aFrench, Robert Dudley,
_d1888-1954
_963506
830 0 _aCrofts classics
_963513
942 _2ddc
_cBK
999 _c20579
_d20579